Loading...
| Philosophy | 0 | 6 | 0 | 0 | 60 | 51 | 77.67 | 1 | 6 | 20.43 | 50.36 |
| Fine Arts - Classical Music | 0 | 3 | 0 | 0 | 30 | 112 | 119.00 | 0 | 0 | 0.57 | 9.00 |
| Fine Arts - Other | 0 | 3 | 0 | 1 | 30 | 73 | 100.00 | 0 | 1 | 6.13 | 15.18 |
| Religion | 0 | 2 | 0 | 0 | 20 | 57 | 77.50 | 1 | 2 | 6.34 | 15.00 |
| Popular Culture | 0 | 1 | 0 | 0 | 10 | 53 | 53.00 | 0 | 1 | 20.53 | 26.67 |
| Literature - British | 0 | 1 | 0 | 0 | 10 | 81 | 81.00 | 0 | 0 | 4.67 | 3.64 |
| Fine Arts - Painting and Sculpture | 0 | 1 | 0 | 0 | 10 | 111 | 111.00 | 0 | 0 | 1.40 | 3.64 |
| History - American | 0 | 1 | 0 | 1 | 10 | 122 | 122.00 | 0 | 0 | 0.08 | 5.00 |
| Literature - American | 0 | 1 | 0 | 0 | 10 | 63 | 63.00 | 0 | 0 | 5.53 | 4.55 |
| Science - Chemistry | 0 | 1 | 1 | 0 | 5 | 127 | 127.00 | 0 | 0 | 0.00 | 0.91 |